00375nam a2200121Ia 45000010005000000080041000050820020000461000021000662450101000872600024001889010026002129990015002383142241024s9999 xx 000 0 und d aRD/371.71/V151i aJulio Valeirón 0aLa investigación científica en el marco del Plan Estratégico del Ministerio de Educación bSanto Domingoc2012 a2/9/2013 9:40:44 a.m. c8807d8807